000 00542nam a2200193Ia 4500
005 20260429112157.0
008 260429s9999||||xx |||||||||||||| ||und||
020 _a9781324085843
041 _aEnglish
082 _a150.72
_bMOR
100 _aMorling, Beth
245 0 _aResearch methods in psychology :
_bevaluating a world of information /
_cBeth Morling
250 _a5th ed.
260 _aNew York :
_bW. W. Norton and Company,
_c2026.
300 _axxxi, 640 p.; pbk
650 _a Methods
650 _aPsychology
942 _cTB
999 _c52743
_d52743